Catalog

Record Details

Catalog Search



Available copies

  • 3 of 3 copies available at LARL/NWRL Consortium.
  • 1 of 1 copy available at Northwest Regional Library. (Show preferred library)

Current holds

1 current hold with 3 total copies.

Show All Copies
Location Call Number / Copy Notes Barcode Shelving Location Status Due Date
Thief River Falls Public Library WHI (Text) 35500005870009 Main Available -
Crookston Public Library WHI (Text) 33500012423059 Main Available -
Moorhead Public Library WHI (Text) 33500012423042 Main Available -

Record details

  • ISBN: 9780451475237
  • ISBN: 0451475232
  • Physical Description: 337 pages ; 24 cm
  • Edition: First Edition.
  • Publisher: New York : Berkley, 2017.

Content descriptions

Summary, etc.:
"Karen White invites you to explore the ... Read More
Subject: Women real estate agents > Fiction.
Women psychics > Fiction.
Haunted houses > Fiction.
Historic buildings > South Carolina > Charleston > Fiction.
Charleston (S.C.) > Fiction.
FICTION / Contemporary Women.
FICTION / Ghost.
FICTION / Mystery & Detective / Women Sleuths.
Haunted houses
Historic buildings
Women psychics
Women real estate agents.
South Carolina > Charleston.
Haunted houses > Fiction.
Historic buildings > South Carolina > Charleston > Fiction.
Ghost stories.
FICTION / Ghost.
FICTION / Mystery & Detective / Women Sleuths.
FICTION / Contemporary Women.
Genre: Ghost stories.
Fiction.
Ghost stories.
LDR 02785cam a22006738i 4500
001225480
003LARL_NWRL_CONSORTIUM
00520170123214544.0
008160819s2017 nyu 000 1 eng
020 . ‡a9780451475237 ‡q(hardback)
020 . ‡a0451475232 ‡q(hardback)
035 . ‡a(OCoLC)946693141
042 . ‡apcc
043 . ‡an-us-sc
08200. ‡a813/.6 ‡223
084 . ‡aFIC044000 ‡aFIC012000 ‡aFIC022040 ‡2bisacsh
1001 . ‡aWhite, Karen ‡q(Karen S.), ‡eauthor. ‡0(LARL_NWRL_CONSORTIUM)203295
24514. ‡aThe guests on South Battery. ‡n#5 / ‡cKaren White.
250 . ‡aFirst Edition.
264 1. ‡aNew York : ‡bBerkley, ‡c2017.
264 4. ‡c©2017
300 . ‡a337 pages ; ‡c24 cm
336 . ‡atext ‡btxt ‡2rdacontent
337 . ‡aunmediated ‡bn ‡2rdamedia
338 . ‡avolume ‡bnc ‡2rdacarrier
4900 . ‡aTradd Street ; ‡v5
520 . ‡a"Karen White invites you to explore the brick-walked streets of Charleston, where historic mansions house the memories of years gone by and restless spirits refuse to fade away"-- ‡cProvided by publisher.
650 0. ‡aWomen real estate agents ‡vFiction.
650 0. ‡aWomen psychics ‡vFiction.
650 0. ‡aHaunted houses ‡vFiction. ‡0(LARL_NWRL_CONSORTIUM)165558
650 0. ‡aHistoric buildings ‡zSouth Carolina ‡zCharleston ‡vFiction.
651 0. ‡aCharleston (S.C.) ‡vFiction. ‡0(LARL_NWRL_CONSORTIUM)164106
650 7. ‡aFICTION / Contemporary Women. ‡2bisacsh
650 7. ‡aFICTION / Ghost. ‡2bisacsh
650 7. ‡aFICTION / Mystery & Detective / Women Sleuths. ‡2bisacsh
650 7. ‡2fast ‡aHaunted houses ‡0(LARL_NWRL_CONSORTIUM)177342
650 7. ‡2fast ‡aHistoric buildings ‡0(LARL_NWRL_CONSORTIUM)22177
650 7. ‡2fast ‡aWomen psychics ‡0(LARL_NWRL_CONSORTIUM)163944
650 7. ‡aWomen real estate agents. ‡2fast ‡0(LARL_NWRL_CONSORTIUM)38758
651 7. ‡aSouth Carolina ‡zCharleston. ‡2fast
650 1. ‡aHaunted houses ‡vFiction. ‡0(LARL_NWRL_CONSORTIUM)165558
650 7. ‡aHistoric buildings ‡zSouth Carolina ‡zCharleston ‡vFiction.
650 7. ‡aGhost stories. ‡0(LARL_NWRL_CONSORTIUM)178304
650 7. ‡aFICTION / Ghost.
650 7. ‡aFICTION / Mystery & Detective / Women Sleuths.
650 7. ‡aFICTION / Contemporary Women.
655 7. ‡aGhost stories. ‡2gsafd
655 7. ‡aFiction. ‡2fast
655 7. ‡aGhost stories. ‡2lcgft
77608. ‡iOnline version: ‡aWhite, Karen (Karen S.) author. ‡tGuests on South Battery ‡bFirst Edition. ‡dNew York : Berkley, 2017 ‡z9780698193000
905 . ‡uvanderl
901 . ‡a225480 ‡b ‡c225480 ‡tbiblio ‡soclc

Additional Resources